[Event "Pamplona 18th"]
[Site "Pamplona"]
[Date "2008.12.27"]
[Round "5"]
[White "Sasikiran, Krishnan"]
[Black "Vallejo Pons, Francisco"]
[Result "1-0"]
[WhiteElo "2694"]
[BlackElo "2664"]
[Annotator "Sasikiran,K"]
[PlyCount "93"]
[EventDate "2008.12.22"]
[EventType "tourn"]
[EventRounds "7"]
[EventCountry "ESP"]
[EventCategory "16"]
[SourceTitle "CBM 128"]
[Source "ChessBase"]
[SourceDate "2009.01.28"]
[SourceVersion "1"]
[SourceVersionDate "2009.01.28"]
[SourceQuality "1"]

1. d4 d5 2. c4 e6 3. Nc3 c6 4. e3 Nf6 5. Nf3 Nbd7 6. Qc2 Bd6 7. Bd3 O-O 8. O-O
dxc4 9. Bxc4 a6 10. Rd1 Qc7 (10... b5 11. Be2 Qc7 12. Ne4 Nxe4 13. Qxe4 Be7 $1
{stopping Qh4} 14. Bd2 Bb7 15. Rac1 c5 {*} 16. Qb1 Qb6 17. dxc5 Nxc5 18. Bc3
Be4 19. Qa1 b4 20. Bd4 Rac8 21. Nd2 Bd5 $11 {Karpov,A (2710)-Kramnik,V (2751)/
Frankfurt (rapid) 78/(426) 1999}) 11. Ne4 Nxe4 12. Qxe4 e5 13. Qh4 $1 {The
white queen is extremely well placed on h4 eyeing Black's king.} b5 $5 $146 {
Preparing the development of the queenside with Bb7 and Rae8} (13... Nf6) (
13... exd4 14. exd4 Nf6 15. Bd3 {/\ Bg5-> Epishin,V}) (13... c5 $5) 14. Bb3 $5
({The direct} 14. Bd3 {allows Black to play} f5 (14... h6 15. b4 $5) 15. Bc2 (
15. Ng5 Nf6 16. dxe5 Bxe5 17. f4 Bd6 18. Bc2 c5 19. e4 h6 20. exf5 Re8 $13)
15... e4 16. Ng5 Nf6 17. Bb3+ Kh8 18. Bd2 Qe7 $1 (18... h6 19. Rac1 $14) 19.
Rac1 Bd7 $13) 14... Bb7 15. Bc2 (15. Ng5 Nf6) 15... h6 (15... g6 $6 16. Ng5 h5
17. Ne4 $14 {White wins the pair of bishops.}) (15... Nf6 16. dxe5 Bxe5 17.
Nxe5 Qxe5 18. f3 c5 (18... Rfe8 19. e4 Rad8 20. Rxd8 Rxd8 21. Qg5 Qd4+ 22. Qe3
Qe5 (22... Qd6) 23. Qc3 Nd7 24. Be3 $14) (18... Rad8 19. Bxh7+ Kh8 20. Rxd8
Rxd8 21. Bc2+ Kg8 22. e4 c5 23. Rb1 $16) 19. Qg3 Qxg3 20. hxg3 Nd5 21. Bd2 Nb6
22. b3 f5 23. a4 $14) 16. b4 $5 {An interesting attempt to suppress the
freeing move c5 by radical means.} Qd8 $6 ({Taking the pawn with} 16... Bxb4 {
leads to an unbalanced position.} 17. Bb2 (17. dxe5 $6 Bc3 18. Qe4 g6 19. Bb3
Kg7 20. Rb1 Nxe5 $15) 17... c5 18. dxe5 Bxf3 $1 (18... c4 19. Qg4 Bxf3 20. gxf3
Nc5 (20... Nxe5 $2 21. Qf5 Ng6 22. Rd7 Qc8 (22... Qc5 23. Qxc5 Bxc5 24. Bxg6
$18) 23. Bxg7 $1 $40) 21. a3 $1 {A key idea in such positions. The bishop is
sidelined so that it cannot come back to defend the king.} (21. Kh1 Ne6) 21...
Ba5 22. Bd4 Ne6 (22... Rad8 23. Kh1 Ne6 24. Rg1 $40) 23. Kh1 Nxd4 24. exd4 g6 (
24... Rad8 25. Rg1 g6 26. Rad1 $16 {/\ f4-f5}) 25. f4 Bc3 26. Rab1 Rad8 27. d5
$36) 19. gxf3 Nxe5 20. Qg3 f6 21. a3 $1 (21. f4 Nc4 22. Qg6 Nxb2 23. Qh7+ Kf7
24. Qg6+ $11 (24. Bg6+ Ke6 25. Bf5+ Ke7 26. Bc2 (26. Bh3 Qc6 27. Rd7+ Qxd7 28.
Qe4+ Kd6 29. Rd1+ Nxd1 30. Qd3+ Kc7 31. Qxd7+ Kb6 32. Qxd1 c4 $19) 26... Nxd1
27. Qe4+ $11)) 21... Ba5 22. f4 Nc4 23. Qg6 Nxb2 24. Qh7+ Kf7 25. Bg6+ Ke6 26.
Bf5+ Ke7 27. Bh3 $1 Rfd8 $1 (27... Qb7 $2 28. Rd7+ Qxd7 29. Qe4+ Kd6 30. Rd1+
Nxd1 31. Qd3+ Kc7 32. Qxd7+ Kb6 33. Qd6+ Ka7 34. Qxc5+ $18) (27... f5 $5 28.
Qxg7+ Rf7 29. Qxb2 Rg8+ 30. Kf1 c4 (30... Qc6 $2 31. Qe5+ Kf8 32. Rd6 Qh1+ 33.
Ke2 $18) 31. Rd5 Rd8 32. Rxd8 Kxd8 33. Rd1+ Ke7 (33... Kc8 34. Qh8+ Kb7 35.
Bg2+ Ka7 36. Qa8+ Kb6 37. Rd8 $40) 34. Qd4 $14) 28. Qxg7+ Ke8 29. Qg8+ Ke7 30.
Qe6+ Kf8 31. Qxf6+ Qf7 32. Qxb2 Qg7+ 33. Qxg7+ Kxg7 {and though White is a
pawn ahead, the position remains unclear because of the opposite coloured
bishops and the passed pawns on opposite sides of the board.}) (16... a5 $5 17.
Bb2 Rfe8 $1 {defending e5 gave good chances of equalising.} (17... axb4 $2 18.
dxe5 Nxe5 (18... Bxe5 19. Qe4 $18) 19. Nxe5 Bxe5 20. Qe4 Rfe8 21. Qh7+ Kf8 22.
Bd4 $1 (22. Bxe5 $5) 22... Bxd4 (22... c5 23. Bxc5+ Qxc5 24. Rd7 $18) 23. exd4
Bc8 24. Re1 Be6 25. Bb3 Qf4 26. d5 cxd5 27. Bxd5 Rad8 (27... Rac8 28. Qh8+ Ke7
29. Qxg7 $18) 28. Bc6 $16)) 17. Qg3 (17. Qh3 $5 {looks more promising.} Bc8 18.
Bb2 Qe7 19. Qh5 e4 20. Ne5 Nf6 21. Qh4 Bb7 22. Bb3 Nd5 23. Qxe4 Nxb4 (23... f6
24. Bc2 $16) 24. a3 Nd5 25. Qf3 Qf6 26. Qxf6 (26. Rac1 $5 Qxf3 27. gxf3) 26...
Nxf6 27. Rac1 Rac8 28. Re1 $5 $14) 17... Qf6 18. Qg4 $6 {Removing the queen
from the x-ray of the d6-bishop. As White is not threatening to take on d7,
the text is just a waste of time.} ({The natural} 18. Bb2 {was strong when
Black finds himself in difficulties due to lack of co-ordination among his
pieces} exd4 (18... e4 19. Ne5 Qf5 20. f3 $1 Nf6 (20... c5 21. fxe4 Qe6 22.
bxc5 Bxe5 23. dxe5 Nxc5 24. Rd6 Qe7 25. Rxh6 Bxe4 (25... Nxe4 26. Qh4 Qxh4 27.
Rxh4 Ng5 28. e6 f6 (28... Rae8 29. exf7+ Rxf7 30. Rh5 $18) 29. Bb3 $18) 26. e6
$1 $18) 21. fxe4 Qe6 (21... Nxe4 22. Qh4 Bxe5 23. dxe5 c5 24. bxc5 $16) 22. Rf1
$16) (18... Rae8 19. dxe5 Nxe5 20. Nh4 $1 $16) 19. Qh3 $1 c5 (19... Rad8 20.
Bxd4) 20. bxc5 Bxf3 21. Bxd4 Ne5 22. cxd6 Bxd1 23. Rxd1 Qxd6 (23... Rfc8 24.
Bb3 $1 Qxd6 25. Qg3 Rd8 26. Qxe5 Qxe5 27. Bxe5 Rxd1+ 28. Bxd1 Rd8 29. Bd4 $1
$16) 24. Qf5 Ng6 25. Bxg7 Qxd1+ 26. Bxd1 Kxg7 27. Bb3 $1 $16) 18... exd4 $6 (
18... Qe7 $5 19. e4 Nf6 20. Qg3 Nh5 21. Qh3 Nf4 22. Bxf4 exf4 23. e5 Bxb4 24.
Qf5 g6 25. Qxf4 Kg7 26. h4 {Though Black has the pair of bishops, White has
good chances to seize the initiative due to Black's weakened kingside.}) 19.
Bb2 $1 (19. Qxd7 $4 Bc8 {traps the queen in the centre of the board.} 20. Qxc6
Bxh2+ 21. Kxh2 Qxc6 $19) ({After} 19. exd4 Rae8 $1 {Stops Qe4 and prepares to
reorganize the queenside with Bc8-Nb6. Black has a fine position.} 20. Bd2 (20.
Qxd7 $2 Bc8 21. Qa7 Bg4 $1 22. Be3 (22. Rd3 Bxf3 23. Bg5 Qg6 24. Rxf3 Qxc2)
22... Bxf3 23. gxf3 Qxf3 {With the white queen sidelined Black's attack is
irresistible.}) 20... Bc8 $11) 19... c5 20. bxc5 Bxf3 21. gxf3 Nxc5 (21... Ne5
$6 22. Qe4 Nxf3+ 23. Kf1 $1 (23. Kh1 Ng5 $15) 23... Ng5 24. Qxd4 Qxd4 25. exd4
Bxh2 26. d5 {The connected passed pawns and pair of bishops give a big
advantage to White.}) 22. f4 $6 {I wanted to clear the a1-h8 diagonal of all
obstacles ( eg. Stopping Be5 and intending to answer Ne6 with Rd4 when Black
cannot capture on d4). However the text is based on a simple miscalculation.
There were two better alternatives.} (22. Bxd4 $1 Be5 23. Bxc5 Bxa1 24. Bxf8
Rxf8 25. Qe4 g6 26. Bb3 $14 {leads to a stable advantage to White. White has a
clear plan to combine an attack on f7 and advance the e-pawn and or attack
Black's queenside pawns. The opposite coloured bishops makes it even more
difficult to defend f7.}) (22. Qxd4 Qxd4 23. Bxd4 $14 Ne6 24. Bb2 (24. Bxg7
Bxh2+ 25. Kxh2 Kxg7 26. f4 Rac8 {is roughly equal.}) 24... Rfd8 25. Rac1 Bf8
26. f4 $14 {with a pleasant ending.}) 22... Ne6 23. f5 $5 (23. Rxd4 $2 Bxf4 $1
24. Rd2 (24. Rxf4 Qxb2) (24. exf4 Nxd4 25. Rd1 Nf3+ 26. Qxf3 Qxb2 $19) 24...
Be5 $17 25. Qe4 $4 Ng5 $1 $19) (23. Bb3 Bc5 24. Bxe6 (24. Rac1 Rac8 25. h4 $13)
24... Qxe6 (24... fxe6 25. Rac1 Rac8 (25... Qe7 26. Bxd4 Bxd4 27. Rxd4 $11))
25. Qxe6 fxe6 26. Bxd4 Bxd4 27. Rxd4 $11) 23... Rac8 (23... Nc5 24. f4 $1 Qe7
25. Bxd4 f6 26. Rd2 $5 $14) 24. Rac1 Qg5 $1 25. Qg2 Nd8 $6 (25... Qh5 $1 {
was much stronger keeping the queens on the board as White has weakened his
kingside.} 26. Rf1 (26. fxe6 Rxc2 27. Bxd4 f6 28. Kh1 Rfc8 29. Rg1 Qg5 30. Rxc2
Qxg2+ 31. Rxg2 Rxc2 32. f4 Rc1+ 33. Rg1 Rxg1+ 34. Kxg1 f5 $1 35. Kg2 Kf8 $15 {
With the pawns fixed on dark squares White faces an unpleasant endgame.}) 26...
Rxc2 (26... Ng5 27. f4 dxe3 28. Bd1 Qh4 29. fxg5 hxg5 $13) 27. Rxc2 Qxf5 28.
Rc6 Rd8 29. exd4 $1 (29. Bxd4 $6 Nxd4 30. exd4 Bf4 31. Rxa6 Rxd4 32. h3 Bd6 $1
{White has a difficult position because he has no counterplay without his dark
coloured bishop.}) 29... Nf4 (29... Bf8 30. Rxa6 Nxd4 31. Kh1 Ne2 $13) 30. Qf3
b4 31. Kh1 $13) 26. Qxg5 hxg5 27. Be4 Rxc1 28. Bxc1 Re8 {Here Paco (Vallejo
Pons) offered a draw. Though Black has no weaknesses and a clear plan of
bringing the king to centre with Kf8-e7, I felt I had some chances to win with
the knight stuck on d8.} 29. Bf3 $5 Kf8 30. Bb2 $6 ({Certainly better was} 30.
Rxd4 Ke7 31. Bb2 f6 32. h4 gxh4 (32... Nf7 33. Re4+) 33. Rxh4 Nf7 34. Rh7 Kf8 (
34... Ng5 35. Rxg7+ Kf8 36. Bh5 $1 $16) 35. Bd5 Re7 {White has the pair of
bishops, but Black has a solid position and queenside majority; the position
is approximately equal. Here the game ca continue with all three results
possible.}) 30... dxe3 31. Rxd6 e2 32. Bxe2 Rxe2 33. Bc3 Nb7 $6 ({After} 33...
Ke8 34. Rxa6 f6 35. Ra8 Re4 36. Ba5 Rd4 37. Rb8 Rd5 38. Bxd8 Rxd8 39. Rxb5 Ra8
40. Rb2 Ra3 {neither side has any chances to win.}) 34. Rd7 $2 {A bad error in
time trouble.} (34. Rxa6 $1 Kg8 (34... f6 35. Ra8+ Kf7 36. Bb4 {wins a piece
due to the mate threat on f8} g6 37. Ra7 $18) 35. f6 $1 gxf6 (35... g6 $2 36.
Ra8+ Kh7 37. Rf8 Nd6 38. Bb4 Re6 39. h3 $1 {When Black is in zugzwang.}) 36.
Bxf6 Nc5 37. Ra8+ Kh7 38. Bxg5 Ne4 39. Be3 $14 {when White has good chances to
convert the extra pawn.}) 34... a5 $4 {Returning the favour. Black simply
drops a piece overlooking the strong move Ke8.} (34... Nc5 $1 35. Bb4 Ke8 $1
36. Rd6 Re5 37. Bxc5 Rxc5 38. Rxa6 Ke7 $5 (38... Rxf5 39. Ra7) 39. a4 bxa4 40.
f6+ gxf6 41. Rxa4 {and although the position might be a draw, Black is the one
who can continue playing for a win with} f5 $1 $17) 35. Rxb7 b4 36. Rb8+ Ke7
37. Bxg7 Rxa2 38. Rb7+ $1 Kd6 (38... Ke8 39. Bf6 Re2 40. Kg2 {wins by
advancing the king, as Black 's queenside pawns are not moving.}) 39. Rxf7 Kc6
40. Rf8 Ra3 41. Kg2 g4 42. f6 Kd7 43. Ra8 Ke6 44. Ra7 Rf3 45. Rxa5 b3 46. Rb5
Kf7 47. h4 1-0

[Event "EU-Cup 30th"]
[Site "Bilbao"]
[Date "2014.09.20"]
[Round "7.5"]
[White "Sasikiran, Krishnan"]
[Black "Najer, Evgeniy"]
[Result "1-0"]
[WhiteElo "2680"]
[BlackElo "2646"]
[Annotator "Sasikiran,K"]
[PlyCount "57"]
[EventDate "2014.09.14"]
[EventType "team-swiss"]
[EventRounds "7"]
[EventCountry "ESP"]
[SourceTitle "CBM 163"]
[Source "ChessBase"]
[SourceDate "2014.11.11"]
[SourceVersion "1"]
[SourceVersionDate "2014.11.11"]
[SourceQuality "1"]
[WhiteTeam "Novy Bor"]
[BlackTeam "SHSM-64"]
[WhiteTeamCountry "CZE"]
[BlackTeamCountry "RUS"]

{This was the last round. Team Novy Bor and SHSM were tied in second place
with 10 match points (behind SOCAR).} 1. d4 d5 2. c4 c6 3. Nf3 Nf6 4. Nc3 e6 5.
e3 Nbd7 6. Bd3 dxc4 7. Bxc4 b5 8. Bd3 Bd6 9. a3 O-O 10. O-O Bb7 11. Qc2 Rc8 12.
b4 c5 13. bxc5 Bxf3 14. cxd6 Nd5 15. gxf3 Nxc3 $6 {This allows White to
maintain the two bishops without any compensation. After the game, Evgeniy
Najer mentioned that he could not remember his analysis. Not surprising
considering the way theory is developing nowadays.} (15... Qg5+ $5 {is more
accurate.} 16. Kh1 Qh5 17. Be2 Nxc3 18. Rg1 {with complex play ahead,as
happened in Weber-Schroeder correspondence 2013}) 16. f4 $1 Nf6 17. Bb2 $6 {
Simply returning the two bishops. Neither could I remember my colleague's game.
From here onwards both players were on their own.} (17. Qb2 $1 {was
Ganguly-Zherebukh 2012 and White maintains an advantage due to the threat of
Bd2.}) 17... Na4 18. Qe2 $5 {controlling g4 and h5 and still hoping to
maintain the pawn on d6 by tactical means.} (18. Qd2 $5 a6 19. Rfc1 (19. e4 Nh5
20. e5 Qh4 21. Bc1 {Here Black already has a draw or he can play for more with}
f6 $5 (21... Qg4+ 22. Kh1 Qf3+ $11)) 19... Qxd6 $11) (18. Qb3 a6 19. Rfc1 (19.
e4 $2 Qxd6 20. e5 Qd5 $1 $17) 19... Qxd6 20. Bc3 $11) 18... a6 $5 (18... Qxd6
19. Bxb5 Nxb2 20. Qxb2 g5 $1 {This is the key move. With the threat of ...Ng4,
Black regains the pawn and equalises easily. If White pushes too much it could
only get dangerous for him as his pieces are far away from his own king.} 21.
Qb4 (21. fxg5 $6 Ng4 22. f4 Nxe3 23. Rf2 Rb8 $15) 21... Qd5 22. Ba6 (22. f3
gxf4 23. e4 Qh5 24. Kh1 Kh8 $15) 22... Qf3 $5 23. Bxc8 (23. Bb7 Nd5 24. Qd6
Qg4+ $11) 23... Qg4+ 24. Kh1 Qf3+ $11) 19. e4 Nxb2 {Although the computer
endorses this as a reasonable decision, practically it looks dangerous to me,
Black allows White to maintain a pawn on d6 and tries to prove that the
weakened king will be provide counterplay.} (19... Nh5 $1 {In the post mortem
analysis we concluded this was the best.} 20. Bc1 Qxd6 21. e5 Qxd4 22. Be3 Qd8
23. Bxh7+ Kxh7 24. Qxh5+ Kg8 {I would have probably played} 25. f5 (25. Rad1
Qe7 26. Rd6 Nc3 27. Re1 Rc4 28. Rxa6 Nd5 $36 {with excellent compensation for
the pawn in the form of an unassailable Nd5.}) (25. Rfd1 $5 {Although the
position is equal, White has to play much more accurately considering his
broken pawn structure.}) 25... exf5 26. Rad1 Qe7 27. Qxf5 Rfe8 (27... Qxa3 $6
28. Kh1 $1 {is dangerous for Black, with Rg1/Rd4-h4 coming up next.}) 28. Rd7
Qe6 29. Qxe6 Rxe6 30. f4 {with a roughly even endgame.}) 20. Qxb2 Nh5 21. e5
Nxf4 22. Be4 $1 {The only move but I kind of felt safe in that the light
squares have been covered.} Rc3 $6 {A dubious plan, Black wants to transfer
the rook to go after the white king, but White has sufficient defensive
resources, considering the f8-rook cannot join the other forces.} (22... Qh4 $1
{was already necessary.} 23. Kh1 Rc4 24. Qd2 {we stopped here in the aftergame
analysis thinking this might be pleasant for White.} (24. f3 Rfc8 $1 25. Qd2 f5
$15) {but missed} 24... Ng6 (24... f5 25. Bf3 $1 $14) 25. Bxg6 (25. f4 Nxe5 26.
dxe5 Rxe4 27. Rac1 g6 $5 $15) (25. f3 f5 $1) 25... hxg6 26. Rad1 (26. f4 Rfc8
27. Rfc1 g5 $5 $36) 26... Qe4+ 27. f3 Qd5 {is completely unclear. White has
his strong protected passed pawn on d6, however White's king is weaker in
comparison to the black king. Also Black has potential counterplay on the
queenside intending to create a passer with a later a5-b4.}) (22... f5 23. Bf3
Qh4 24. Qd2 $1 Nh3+ 25. Kh1 Ng5 26. Bg2 f4 {At first we thought this line may
be playable for Black but after} 27. f3 $1 $16 {we soon realised that White's
passer on d6 is way too strong and he can continue with Rac1, whereas Black's
counterplay is nowhere to be seen.}) 23. Kh1 $1 Rh3 $2 {The decisive error.} (
23... Rc4 $142 24. Rac1 f6 25. Rxc4 bxc4 26. Qc3 fxe5 27. dxe5 Qg5 $1 {
Although it seems White is slighly better, Black is very much in the game.})
24. f3 $1 {Shutting out the h3-rook and White's play is rather straightforward
from now on (trying to enter via the c-file).} f5 (24... g6 25. Rac1 Rh5 (25...
f5 26. Bb7 $1 Nd3 27. Qg2 Nxc1 28. Qxh3 Nb3 29. f4 Nxd4 30. Qc3 $1 $18) 26. Qd2
$16) 25. Bc6 $8 (25. Bb7 $2 Qb6 $19) 25... Nh5 (25... Qb6 26. Rac1 (26. d5 $5
exd5 27. Qd2 Qxc6 28. Rac1 $1 $18) 26... Nd3 27. Qd2 Nxc1 28. Rxc1 Rh6 (28...
Rh4 29. f4 $1) 29. d5 Kh8 {Here I thought White has to show some accuracy
still in converting the advantage, but the computer's} 30. Be8 $3 {dispels any
illusions.} (30. f4 $5) 30... Rxe8 31. d7 Rd8 (31... Rg8 32. Rc8 Rg6 33. Qd4 $1
Qxd4 34. Rxg8+ Kxg8 35. d8=Q+ Kf7 36. dxe6+ $18) 32. Rc8 Kg8 33. dxe6 Rxe6 34.
Qg5 Kf7 35. Rxd8 Rxe5 36. Qh5+ $18) 26. Rg1 Qh4 (26... f4 27. Rg4 $1 $18) 27.
d5 $3 Nf4 (27... Rxf3 28. dxe6 Rf2 29. Qxf2 $3 {was the point of White's 27th
move.} Qxf2 30. e7 Nf4 31. e6 $3 Nxe6 32. Bd5 g6 33. d7 $18) 28. dxe6 Nd3 29.
e7 {We managed to beat SHSM 4.5-1.5 and finish second in the European club cup
2014.} (29. e7 Nxb2 30. Bd5+ Kh8 31. exf8=R#) 1-0

[Event "Edmonton 11th"]
[Site "Edmonton"]
[Date "2016.06.22"]
[Round "5"]
[White "Sethuraman, SP."]
[Black "Shirov, Alexei"]
[Result "1-0"]
[WhiteElo "2653"]
[BlackElo "2682"]
[Annotator "Schulz,Andre"]
[PlyCount "43"]
[EventDate "2016.06.18"]
[EventType "tourn"]
[EventRounds "9"]
[EventCountry "CAN"]
[EventCategory "9"]
[SourceTitle "CBM 173 Extra"]
[Source "ChessBase"]
[SourceDate "2016.08.29"]
[SourceVersion "1"]
[SourceVersionDate "2016.08.29"]
[SourceQuality "1"]

1. d4 d5 2. c4 c6 3. Nc3 Nf6 4. e3 e6 5. Nf3 Nbd7 6. Bd3 dxc4 7. Bxc4 b5 8. Bd3
Bb7 9. a3 Bd6 10. O-O O-O 11. Qc2 Rc8 (11... h6 12. e4 e5 13. h3 Re8 14. dxe5
Nxe5 15. Nxe5 Bxe5 16. Be3 Bd4 17. Bxd4 Qxd4 18. Rad1 Qb6 19. Rfe1 Re7 20. Re3
Rae8 21. Qe2 a5 22. e5 Nd7 23. Bf5 Nxe5 24. Bd7 Rxd7 25. Rxd7 Bc8 26. Rd6 Qc5
27. Ne4 Qa7 28. Rxh6 gxh6 29. Nf6+ Kf8 30. Nxe8 Nc4 31. Re4 Bf5 32. Rf4 Bg6 33.
Nf6 Qe7 34. Qg4 Qe6 35. Qd1 Qe7 36. Nd7+ Ke8 37. Nf6+ Kf8 38. b3 Ne5 39. Ne4
Kg7 40. Qd4 h5 41. b4 a4 42. Nf6 {1-0 (42) Sethuraman,S (2647)-Sengupta,D 
(2543) Tashkent 2016}) 12. b4 c5 {Das inzwischen berühmt gewordenen
Halbslawische Bauernopfer auf c5. Der Lb7 wird befreit.} ({Die Alternative ist
} 12... a5) 13. bxc5 Bxf3 14. cxd6 (14. gxf3 Nxc5 15. dxc5 Rxc5 16. f4 Nd5 17.
Bb2 Nxc3 18. Bxc3 Qc7 19. Rfc1 Rc8 20. Bb4 Rxc2 21. Rxc2 Qxc2 22. Bxc2 Bxb4 23.
axb4 Rxc2 24. Rxa7 g5 25. Rb7 gxf4 26. exf4 Rc4 27. Rxb5 Rxf4 28. Kg2 Kg7 {
1/2-1/2 (28) Iturrizaga Bonelli,E (2646)-Shirov,A (2683) Caracas 2014}) 14...
Nd5 15. gxf3 Qg5+ (15... Nxc3 {ist wohl doch besser:} 16. f4 Nf6 17. Qb2 Qd7
18. Bd2 e5 19. f3 exd4 20. e4 a5 21. Rae1 $14 Rc5 22. Bc1 Nh5 23. e5 g6 24. Qf2
b4 25. axb4 axb4 26. Qxd4 Rd5 27. Qe3 Rc8 28. f5 Ng7 29. f6 Nh5 30. f4 Qg4+ 31.
Kh1 Re8 32. Rg1 Qd7 33. Qf3 Nxf6 34. exf6 Rxd6 35. f5 Rxf6 36. Bg5 Rd6 37. Bc4
Rxe1 38. Rxe1 gxf5 39. Be7 Qc6 40. Rg1+ Kh8 41. Qxc6 Rxc6 42. Bxf7 h6 43. Bxb4
Ne4 44. Ba3 Nf2+ 45. Kg2 Nd3 46. Rf1 f4 47. Bd5 Rc2+ 48. Kg1 Kg7 49. Be4 Ra2
50. Bd6 Ra6 51. Bc7 {1-0 (51) Wojtaszek,R (2734)-Shirov,A (2715) Skopje 2015})
16. Kh1 Qh5 17. Be2 Nxc3 18. Rg1 Nf6 {Mit der Drohung Sfe4 und vielleicht Sxf2.
} (18... Rfd8 19. e4 e5 20. Be3 Nxe2 21. Qxe2 exd4 22. Bxd4 Ne5 23. Qe3 Rxd6
24. Rg5 Qxf3+ 25. Qxf3 Nxf3 26. Rxg7+ Kf8 27. Rxh7 Rc4 28. Bxa7 Ra6 29. Be3
Rxe4 30. Rb1 Ra5 31. Rh3 Ne5 32. Bb6 Raa4 33. Rxb5 Nc4 34. Bc5+ Kg7 35. Rg3+
Kf6 36. Kg2 Ra8 37. Rb7 Ra5 38. Bb4 Rf5 39. Rc7 Ne5 40. Ra7 Rh5 41. Bc3 Ke6 42.
Ra6+ Ke7 43. Bb4+ Kd7 44. Rd6+ Kc7 45. Rf6 Kd7 46. Rd6+ Kc7 47. Rc3+ Kb7 48.
Rd5 f6 49. Rg3 Rf5 50. Rg7+ Kc6 51. Rd6+ Kb5 52. Rb7+ Kc4 53. Rc7+ Kb5 54. Rd5+
Kb6 55. Rc3 Rg4+ 56. Kf1 Rh4 57. h3 Rhf4 58. Bc5+ Kc6 59. Rd6+ Kc7 60. Rd2 Kb7
61. Bd4 Nc6 62. Rb2+ Kc7 63. Bb6+ Kd6 64. Rd2+ Rd5 65. Bc7+ {1-0 (65)
Gustafsson,J (2629)-Smirnov,A (2479) Bangkok 2016}) 19. Bb2 {[#] Der schwarze
Angriff ist abgeschlagen. Weiß behält einen Mehrbauern, noch dazu als
Freibauern auf d6.} Na4 {Ein neuer Versuch, der aber die Variante auch nicht
rettet.} (19... Nfe4 {wär hier gar nichts.} 20. Rg2) ({Auf} 19... Nce4 {folgt}
20. fxe4 Rxc2 21. Bxh5 Rxb2 22. Bf3 Rxf2 23. Rgf1 Rxf1+ 24. Rxf1 e5 25. Rc1 Rd8
26. Rc5 a6 27. Rc6 (27. dxe5 $2 Nd7 28. Rd5 Nb6 29. Rd1 $2 Nc4 $15) ({Besser
noch} 27. Rxe5 Rxd6 28. Rc5 Rd8 29. e5) 27... Ra8 28. dxe5 Nd7 29. Bg4 Nxe5 30.
Rc5 Nxg4 31. d7 Rd8 32. Rc8 Kf8 33. Rxd8+ Ke7 34. Rf8 Kxd7 35. Rxf7+ Ke6 36.
Rxg7 Nxe3 37. Rxh7 {1-0 (37) Bacrot,E (2711)-Ter Sahakyan,S (2580) Jerusalem
2015}) 20. Qd2 Rfd8 21. e4 Rxd6 {[#]} 22. e5 (22. e5 {und das vielleicht
geplante} Qxe5 {scheitert an} 23. Qh6 (23. dxe5 $2 Rxd2 {wäre natürlich
super für Schwarz.}) 23... Ne4 24. dxe5 Nxf2+ 25. Kg2 gxh6 26. Kxf2+ Kf8 27.
exd6 Nxb2 28. Bxb5 $18) 1-0